01426cam a2200397 a 45000010005000000030006000050050017000110080041000280100017000690200018000860200018001040350013001220400023001350500008001580820008001661000017001742450083001912500035002742600037003093000047003463360026003933370028004193380027004474900068004745040052005425050008005945200150006025210027007525210018007796000070007976500020008676500035008876550020009227000029009427000057009718441FISKH20250912094121.0090911s2010 mnua c b 000 1 eng  a 2009032460 a9781602707269 a9780545344807 a15903773 aDLCcDLCdDLCbeng00aPZ7 a4161 aHart, Caryn 10aSir Arthur Conan Doyle's The adventure of the Red-headed League /cCaryn Hart  aThis edition published in 2011 aNew York : bScholastic, c2009  a32 pages : bcolor illustrations ; c21 cm atextbtxt2rdacontent aunmediatedbn2rdamedia avolumebnc2rdacarrier0 aGraphic planet. The graphic novel adventures of Sherlock Holmes aIncludes bibliographical references (p. 45-47). aN  aRetold in graphic novel form, Sherlock Holmes investigates a bizarre case involving a red-haired pawnbroker and his employer who has disappeared.8 a530 bLexile estimate 8 aN bRaz-Plus 11aDoyle, Arthur Conan,d1859-1930.tRed-headed LeaguevAdaptations. 1aGraphic novels. 1aMystery and detective stories. 0aGraphic novels.1 aDunn, Ben,eillustrator 1 aDoyle, Arthur Conan,d1859-1930.tRed-headed League.